Guess the Famous People from their Eyes #7 - Statistics

General Stats
  • This quiz has been taken 651 times
    636 since last reset
  • The average score is 8 of 16
Answer Stats
Picture Answer % Correct
Ryan Reynolds
88%
Chris Hemsworth
82%
Elton John
82%
Lady Gaga
81%
Belle
73%
Blake Lively
65%
Mahatma Gandhi
64%
Charlie Puth
59%
Steve Harvey
54%
Bruce Willis
41%
Lewis Hamilton
32%
Julia Louis-Dreyfus
19%
Jamie Lee Curtis
14%
Kelly Rowland
13%
Elizabeth Hurley
6%
Alex Morgan
5%
No matching quizzes found
Score Distribution
Percent of People with Each Score
Percentile by Number Answered
Your Score History
You have not taken this quiz since the last reset